000 00171nam a2200085Ia 4500
003 GCL
008 140319s9999 xx 000 0 ara d
040 _aGCL /
_cGCL
082 0 4 _a8f
999 _c25755
_d25755